[Event "Berlin-ch qualification"]
[Site "Berlin-Lichtenrade"]
[Date "2011.04.30"]
[Round "8.15"]
[White "Kropman, Alexei"]
[Black "Ruether, Marc"]
[Result "1-0"]
[WhiteElo "2071"]
[BlackElo "1803"]
[PlyCount "53"]
[EventDate "2011.04.23"]
[EventType "swiss"]
[EventRounds "9"]
[EventCountry "GER"]
[SourceTitle "EXT 2022"]
[Source "ChessBase"]
[SourceDate "2021.10.06"]
[SourceVersion "1"]
[SourceVersionDate "2021.10.06"]
[SourceQuality "1"]

1. e4 c5 2. Nf3 Nc6 3. d4 cxd4 4. Nxd4 e5 5. Nb5 d6 6. c4 Be7 7. Bd3 Be6 8. b3 Qd7 9. 0-0 Rc8 10. Bb2 Nh6 11. N1c3 a6 12. Na3 0-0 13. Bc1 Kh8 14. Nd5 Bd8 15. Nc2 Bxd5 16. exd5 Ne7 17. Bxh6 gxh6 18. Qh5 Rg8 19. Ne3 Ng6 20. Bf5 Qc7 21. Bxc8 Qxc8 22. Kh1 Nf4 23. Qxf7 Bg5 24. Qf5 Qe8 25. Qe4 Qh5 26. c5 Ne2 27. Qg4 1-0

[Event "Berlin Eckbauer op 13th"]
[Site "Berlin"]
[Date "2010.10.25"]
[Round "6.12"]
[White "Foerster, Matthias"]
[Black "Ruether, Marc"]
[Result "0-1"]
[WhiteElo "1893"]
[BlackElo "1749"]
[PlyCount "34"]
[EventDate "2010.09.13"]
[EventType "swiss"]
[EventRounds "7"]
[EventCountry "GER"]
[SourceTitle "EXT 2022"]
[Source "ChessBase"]
[SourceDate "2021.10.06"]
[SourceVersion "1"]
[SourceVersionDate "2021.10.06"]
[SourceQuality "1"]

1. e4 c5 2. Nc3 Nc6 3. f4 g6 4. Nf3 Bg7 5. Bc4 e6 6. 0-0 Nge7 7. f5 Nd4 8. fxe6 Nxe6 9. d3 0-0 10. Qe1 Nc6 11. Qg3 d6 12. Bg5 Nxg5 13. Nxg5 Ne5 14. Nxf7 Nxf7 15. Rxf7 Rxf7 16. Rf1 Bd4+ 17. Kh1 d5 0-1

[Event "Berlin Lichtenrade op 06th"]
[Site "Berlin"]
[Date "2010.10.16"]
[Round "1"]
[White "Ruether, Marc"]
[Black "Dimitrijeski, Kristian"]
[Result "0-1"]
[WhiteElo "1774"]
[BlackElo "2192"]
[PlyCount "96"]
[EventDate "2010.10.16"]
[EventType "swiss"]
[EventRounds "9"]
[EventCountry "GER"]
[SourceTitle "CBM 138 Extra"]
[Source "ChessBase"]
[SourceDate "2010.10.29"]
[SourceVersion "1"]
[SourceVersionDate "2010.10.29"]
[SourceQuality "1"]

1. e4 c6 2. d4 d5 3. e5 Bf5 4. h4 h5 5. c4 e6 6. Nc3 dxc4 7. Bxc4 Nd7 8. Nge2 Nb6 9. Bb3 Be7 10. Ng3 Bg4 11. Qd3 Nh6 12. Bg5 Bxg5 13. hxg5 Nf5 14. Nge4 Qxd4 15. Nd6+ Kf8 16. Qxd4 Nxd4 17. Bd1 Ke7 18. Nxb7 Nc4 19. b3 Nxe5 20. Ne4 Rab8 21. Nbc5 Rbd8 22. 0-0 Bxd1 23. Rfxd1 Rd5 24. Kh1 Rhd8 25. Nb7 Rb8 26. Nc3 Rd7 27. Nc5 Rdd8 28. Rac1 Nb5 29. Rxd8 Rxd8 30. N3e4 Nd6 31. Nxd6 Rxd6 32. Ne4 Rd4 33. Re1 Nd3 34. Rd1 f5 35. gxf6+ gxf6 36. Kg1 Rxe4 37. Rxd3 Re1+ 38. Kh2 Re2 39. Rc3 Rxf2 40. Rxc6 Rxa2 41. Rc7+ Kd6 42. Rh7 Ra3 43. Rxh5 Rxb3 44. Ra5 Rb7 45. Ra6+ Ke5 46. Ra5+ Kd6 47. Ra6+ Ke7 48. Kh3 f5 0-1

[Event "Berlin Eckbauer op 13th"]
[Site "Berlin"]
[Date "2010.10.04"]
[Round "4.13"]
[White "Ruether, Marc"]
[Black "Bruening, Wolfgang"]
[Result "0-1"]
[WhiteElo "1749"]
[BlackElo "1958"]
[PlyCount "102"]
[EventDate "2010.09.13"]
[EventType "swiss"]
[EventRounds "7"]
[EventCountry "GER"]
[SourceTitle "EXT 2022"]
[Source "ChessBase"]
[SourceDate "2021.10.06"]
[SourceVersion "1"]
[SourceVersionDate "2021.10.06"]
[SourceQuality "1"]

1. e4 e6 2. d4 d5 3. Nd2 dxe4 4. Nxe4 Nd7 5. Bd3 Ngf6 6. Nf3 Nxe4 7. Bxe4 Nf6 8. Bg5 h6 9. Bxf6 gxf6 10. Qe2 Qd6 11. 0-0-0 Bg7 12. Kb1 0-0 13. g4 a5 14. h4 a4 15. a3 f5 16. Bd3 fxg4 17. Ne5 f5 18. Ng6 Rd8 19. Bc4 b5 20. Bxb5 Ba6 21. Bc4 Bxc4 22. Qxc4 Kh7 23. Rhe1 Rdb8 24. Ka2 Rb6 25. Ne5 Rab8 26. Qxa4 Rxb2+ 27. Ka1 Bxe5 28. dxe5 Qb6 29. Qc4 Ra8 30. Re3 Rb8 31. Ree1 Rb7 32. Rd7+ Kg8 33. Rd8+ Kf7 34. Rdd1 Ke7 35. Rf1 Qa5 36. Rd3 Qxe5 37. Qc3 Qxc3 38. Rxc3 R2b6 39. Rd1 Ra7 40. Ka2 Rab7 41. a4 Rb4 42. Ka3 Rf4 43. Rd2 Ra7 44. a5 Rxa5+ 45. Kb3 Rb5+ 46. Ka3 c5 47. Rcd3 Ra5+ 48. Kb2 Rb4+ 49. Rb3 Rab5 50. Rxb4 Rxb4+ 51. Kc3 Rf4 0-1

[Event "Berlin Eckbauer op 13th"]
[Site "Berlin"]
[Date "2010.09.13"]
[Round "1.7"]
[White "Zschaebitz, Klaus"]
[Black "Ruether, Marc"]
[Result "0-1"]
[WhiteElo "2084"]
[BlackElo "1749"]
[PlyCount "66"]
[EventDate "2010.09.13"]
[EventType "swiss"]
[EventRounds "7"]
[EventCountry "GER"]
[SourceTitle "EXT 2022"]
[Source "ChessBase"]
[SourceDate "2021.10.06"]
[SourceVersion "1"]
[SourceVersionDate "2021.10.06"]
[SourceQuality "1"]

1. d4 Nf6 2. c4 c5 3. d5 b5 4. cxb5 a6 5. bxa6 g6 6. Nc3 Bxa6 7. g3 d6 8. Bg2 Bg7 9. Nf3 Nbd7 10. h3 0-0 11. 0-0 Nb6 12. Rb1 Bc4 13. a4 Bxd5 14. b3 Bc6 15. Ne1 Bxg2 16. Kxg2 Nfd7 17. Bd2 c4 18. Qc1 Nc5 19. bxc4 Nxc4 20. Bh6 Bxh6 21. Qxh6 Qa5 22. Nd5 Ra7 23. Qh4 Nd2 24. Rb5 Qxa4 25. Rb4 Qc6 26. e4 Ncxe4 27. Nxe7+ Rxe7 28. Qxe7 Re8 29. Qb7 Qxb7 30. Rxb7 Nxf1 31. Rb2 Ned2 32. f3 Nc4 33. Rc2 Nfe3+ 0-1

[Event "Berlin Lichtenberger op 9th"]
[Site "Berlin"]
[Date "2010.08.11"]
[Round "6"]
[White "Ruether, Marc"]
[Black "Grosse Honebrink, Brigitte"]
[Result "1/2-1/2"]
[WhiteElo "1749"]
[BlackElo "1934"]
[PlyCount "56"]
[EventDate "2010.08.07"]
[EventType "swiss"]
[EventRounds "9"]
[EventCountry "GER"]
[SourceTitle "CBM 137 Extra"]
[Source "ChessBase"]
[SourceDate "2010.09.01"]
[SourceVersion "1"]
[SourceVersionDate "2010.09.01"]
[SourceQuality "1"]

1. e4 c5 2. c3 d5 3. exd5 Qxd5 4. Nf3 Nf6 5. d4 e6 6. Bd3 Nc6 7. 0-0 Be7 8. c4 Qh5 9. dxc5 Qxc5 10. Be3 Qd6 11. a3 0-0 12. Qc2 Ne5 13. Nxe5 Qxe5 14. g3 Qh5 15. Qe2 Qxe2 16. Bxe2 e5 17. Nc3 Be6 18. Nb5 Bh3 19. Rfd1 b6 20. b4 Rfc8 21. Rac1 Bd7 22. Nd6 Rc7 23. c5 bxc5 24. Bxc5 Ba4 25. Rd2 g6 26. Nb5 Bxb5 27. Bxb5 Ne4 28. Rdc2 Bxc5 1/2-1/2

[Event "Berlin Lichtenberger op 9th"]
[Site "Berlin"]
[Date "2010.08.10"]
[Round "4"]
[White "Ruether, Marc"]
[Black "Mai, Andreas"]
[Result "0-1"]
[WhiteElo "1749"]
[BlackElo "1949"]
[PlyCount "100"]
[EventDate "2010.08.07"]
[EventType "swiss"]
[EventRounds "9"]
[EventCountry "GER"]
[SourceTitle "CBM 137 Extra"]
[Source "ChessBase"]
[SourceDate "2010.09.01"]
[SourceVersion "1"]
[SourceVersionDate "2010.09.01"]
[SourceQuality "1"]

1. e4 d6 2. d4 Nf6 3. Nc3 g6 4. Be2 Bg7 5. g4 Nbd7 6. g5 Ng8 7. Be3 e5 8. d5 h6 9. Nf3 hxg5 10. Nxg5 Ngf6 11. h4 Nh5 12. Qd2 Nb6 13. 0-0-0 Bd7 14. Rdf1 Qe7 15. Bxh5 Rxh5 16. Bxb6 axb6 17. Kb1 f6 18. Nf3 0-0-0 19. Rfg1 Qf7 20. Qd3 Rdh8 21. Ne2 g5 22. Ng3 R5h7 23. hxg5 Rxh1 24. Nxh1 fxg5 25. Nxg5 Qh5 26. a3 Bh6 27. Nf3 Rf8 28. Nd2 Qh2 29. Qg3 Qxg3 30. Nxg3 Bxd2 31. Nh5 c6 32. Rg6 Be8 33. Rxd6 Bxh5 34. dxc6 bxc6 35. Rxd2 Rd8 36. Rxd8+ Kxd8 37. Kc1 Bf3 38. Kd2 Bxe4 39. c3 Kd7 40. Ke3 Bd5 41. f4 exf4+ 42. Kxf4 Ke6 43. Ke3 Ke5 44. Kd3 b5 45. b4 Be4+ 46. Kd2 Kd5 47. Kc1 Kc4 48. Kb2 Bf5 49. a4 bxa4 50. Ka3 Bc2 0-1

[Event "Berlin Lichtenberger op 9th"]
[Site "Berlin"]
[Date "2010.08.09"]
[Round "3"]
[White "Ewald, Patrick"]
[Black "Ruether, Marc"]
[Result "1-0"]
[WhiteElo "1890"]
[BlackElo "1749"]
[PlyCount "63"]
[EventDate "2010.08.07"]
[EventType "swiss"]
[EventRounds "9"]
[EventCountry "GER"]
[SourceTitle "CBM 137 Extra"]
[Source "ChessBase"]
[SourceDate "2010.09.01"]
[SourceVersion "1"]
[SourceVersionDate "2010.09.01"]
[SourceQuality "1"]

1. e4 c5 2. Nf3 Nc6 3. d3 d6 4. g3 g6 5. Bg2 Bg7 6. 0-0 e6 7. Nbd2 Nge7 8. c3 0-0 9. Re1 Bd7 10. Nb3 Na5 11. e5 Nxb3 12. axb3 dxe5 13. Nxe5 Nc6 14. Nxc6 Bxc6 15. Bxc6 bxc6 16. Be3 Qd6 17. Ra5 Rfd8 18. Rxc5 Bf8 19. Ra5 Rd7 20. Qf3 Qc7 21. Ra6 Rd5 22. b4 Rxd3 23. Qxc6 Rc8 24. Qxc7 Rxc7 25. Rea1 Rdd7 26. Rxa7 Rxa7 27. Bxa7 Rd2 28. Rb1 Bg7 29. b5 Rd7 30. Be3 Rb7 31. b6 Kf8 32. Ra1 1-0